| 000 | 01523nam a2200469 i 4500 | ||
|---|---|---|---|
| 001 | 7283 | ||
| 003 | KOSZ 005 | ||
| 005 | 20200421081320.0 | ||
| 008 | 070608s1971 pl a |000 0 pol | ||
| 015 | _aUWD 1972/3140 | ||
| 035 | _a991035244889705066 | ||
| 035 | _a(PL-WaBN)b19477715-48omnis_nlop | ||
| 035 | _ab19477715 | ||
| 035 | _a(OCoLC)839077343 | ||
| 035 | _a(PL)b0000001947771 | ||
| 035 | _a(EXLNZ-48OMNIS_NETWORK)9910458532105606 | ||
| 040 |
_aWA N _cWA N _dKOSZ 005/AR |
||
| 041 | _apol | ||
| 044 | _apl | ||
| 046 | _k1971 | ||
| 080 | _a543 | ||
| 080 | _a543.061 | ||
| 080 | _a(075.8) | ||
| 100 | 1 |
_aWitekowa, Stanisława _c(chemik) _eAutor |
|
| 245 | 1 | 0 |
_aAnaliza chemiczna. _nCz. 2, _pAnaliza jakościowa / _cStanisława Witekowa. |
| 260 |
_aWarszawa : _bPaństwowe Wydawnictwo Naukowe, _c1971. |
||
| 300 |
_aStrony [2], 339-789 : _bilustracje. ; _c23 cm. |
||
| 336 |
_aTekst _btxt _2rdacontent |
||
| 337 |
_aBez urządzenia pośredniczącego _bn _2rdamedia |
||
| 338 |
_aWolumin _bnc _2rdacarrier |
||
| 380 | _aKsiążki | ||
| 388 | _a1901-2000 | ||
| 388 | _a1945-1989 | ||
| 521 | _aSkrypt dla studentów wyższych szkół technicznych. | ||
| 650 | 7 |
_aChemia analityczna _2DBN |
|
| 655 | 7 |
_aPodręczniki akademickie _2DBN |
|
| 658 | _aChemia | ||
| 710 |
_4pbl _aPaństwowe Wydawnictwo Naukowe |
||
| 856 |
_uhttp://koha.tu.koszalin.pl/cgi-bin/koha/opac-detail.pl?biblionumber=7283 _yKatalog online BPK |
||
| 942 |
_2UKD _cKS |
||
| 999 |
_c7283 _d7283 |
||